|
|
|
|
| LEADER |
00702nab a2200181 i 4500 |
| 001 |
misc73856 |
| 005 |
20241018150258.0 |
| 008 |
240118s1952 hu o 000 eng d |
| 040 |
|
|
|a SZTE Miscellanea Repozitórium
|b hun
|
| 041 |
|
|
|a eng
|
| 100 |
1 |
|
|a Hajdu S.
|
| 245 |
1 |
0 |
|a Action of digitalis glucosides on isolated frog heart
|h [elektronikus dokumentum] /
|c Hajdu S.
|
| 260 |
|
|
|a American Physiological Society
|b Washington, D.C.
|c 1952-01
|
| 300 |
|
|
|a 171-175
|
| 490 |
0 |
|
|a American Journal of Physiology
|v 168 No. 1
|
| 561 |
|
|
|a Szent-Györgyi Albert tudományos és egyéb írásai
|
| 700 |
0 |
2 |
|a Szent-Györgyi Albert
|e aut
|
| 856 |
4 |
0 |
|u http://misc.bibl.u-szeged.hu/73856/1/szgya_magyar_231.pdf
|z Dokumentum-elérés
|